Catálogo público

Diagnóstico, evaluación y propuesta técnico ingenieriles para la ampliación de un beneficio de café / (Record no. 175267)

MARC details
000 -CABECERA
campo de control de longitud fija 05720nam a2200529Ia 4500
001 - NÚMERO DE CONTROL
campo de control dia_4602
003 - IDENTIFICADOR DEL NÚMERO DE CONTROL
campo de control CHAP
005 - FECHA Y HORA DE LA ÚLTIMA TRANSACCIÓN
campo de control 20241112093144.0
007 - CAMPO FIJO DE DESCRIPCIÓN FÍSICA--INFORMACIÓN GENERAL
campo de control de longitud fija ta
008 - DATOS DE LONGITUD FIJA--INFORMACIÓN GENERAL
campo de control de longitud fija 220117s2009 mx bdeofrm 001 0 spa d
010 ## - NÚMERO DE CONTROL DE LA BIBLIOTECA DEL CONGRESO
Número de control de LC 175267
040 ## - FUENTE DE LA CATALOGACIÓN
Centro catalogador/agencia de origen mxchpua
Centro/agencia transcriptor CHAP
041 0# - CÓDIGO DE LENGUA
Código de lengua del texto/banda sonora o título independiente spa
Código de lengua del sumario o resumen eng
090 ## - LOCALMENTE ASIGNADO TIPO-LC NÚMERO DE CLASIFICACIÓN (OCLC); NÚMERO DE CLASIFICACIÓN LOCAL (RLIN)
Número de clasificación (OCLC) (R) ; Numero de clasificación, CALL (RLIN) (NR) Tesis
Número cutter local (OCLC) ; Número de libro/Signatura topográfica íntegra, CALL (RLIN) M374
año 2009
100 1# - ENTRADA PRINCIPAL--NOMBRE DE PERSONA
Nombre de persona Martínez Torrijos, Erik
240 10 - TÍTULO UNIFORME
Título uniforme Diagnostic, evaluation and technical engineering proposition for the extension of an coffee benefit.
Lenguaje de la obra Español
245 10 - MENCIÓN DE TÍTULO
Título Diagnóstico, evaluación y propuesta técnico ingenieriles para la ampliación de un beneficio de café /
Mención de responsabilidad, etc. Erik Martínez Torrijos y Fidelia Velasco Hernández
264 ## - PRODUCCIÓN, PUBLICACIÓN, DISTRIBUCIÓN, FABRICACIÓN Y COPYRIGHT
Producción, publicación, distribución, fabricación y copyright Chapingo, México :
Nombre del de productor, editor, distribuidor, fabricante El autor,
Fecha de producción, publicación, distribución, fabricación o copyright 2009
300 ## - DESCRIPCIÓN FÍSICA
Extensión vii, 150 hojas :
Otras características físicas ilustraciones, tablas, gráficas, mapas, planos, fotografías +
336 ## - TIPO DE CONTENIDO
Fuente rdacontent
Término de tipo de contenido texto
Código de tipo de contenido txt
337 ## - TIPO DE MEDIO
Fuente rdamedia
Nombre/término del tipo de medio no mediado
Código del tipo de medio n
338 ## - TIPO DE SOPORTE
Fuente rdacarrier
Nombre/término del tipo de soporte volumen
Código del tipo de soporte nc
500 ## - NOTA GENERAL
Nota general Incluye planos en el reporte.
502 ## - NOTA DE TESIS
Nota de tesis Tesis
Tipo de título (Ingeniero Agroindustrial) --
Nombre de la institución que otorga el título UACh. Departamento de Ingeniería Agroindustrial,
Año de obtención del título 2009
504 ## - NOTA DE BIBLIOGRAFÍA, ETC.
Nota de bibliografía, etc. Bibliografía : hojas 145-150
505 0# - NOTA DE CONTENIDO CON FORMATO
Nota de contenido con formato 12 planos : --<br/>1. Diagrama de flujo de proceso --<br/>2. Distribución de áreas situación actual (Es. 1:15) --<br/>3. Distribución de maquinaría y equipo, situación actual (Esc. 1:75) --<br/>4. Diagrama de recorrido de producto actual (Esc. 1:75) --<br/>5. Distribución de área cobertizo (Esc. 1:200) --<br/>5. Diagrama de recorrido del producto propuesto (Esc. 1:200) --<br/>6. Distribución de maquinaría y equipo propuesto (Esc. 1:75) --<br/>7. Plano de iluminación propuesto (Esc. 1:200) --<br/>8. Plano de motores propuesto (Esc. 1:75) --<br/>9. Distribución de áreas propuesta (Esc. 1:75 )--<br/>10. Distribución de maquinaría y equipo propuesto (Esc. 1:75 )--<br/>11. Corte frontal a-b --<br/>12. Diagrama de recorrido del producto propuesto (Esc. 1:75 )
520 3# - SUMARIO, ETC.
Sumario, etc. Por el valor que representa, el café es uno de los principales productos agrícolas, con un peso importante en el comercio mundial, dando ocupación directa e indirecta a poco más de 20 millones de personas dedicadas al cultivo, transformación, procesamiento y comercialización del producto en todo el mundo. En el país existen pequeñas y medianas agroindustrias dedicadas al procesamiento y transformación de productos alimenticios, cuyas instalaciones no fueron planeadas ni proyectado su crecimiento cuando surgieron por lo cual es necesario hacer un rediseño de sus instalaciones. El presente trabajo se originó mediante una visita a la empresa Nogueras S.P.R de R.L. en el estado de Colima, y tras observar que existe la necesidad de planear y proyectar su crecimiento, el presente trabajo se ocupa de una adecuada distribución de áreas, maquinaria y equipos que permita la optimización de las instalaciones y eficientar sus procesos; debido a que en una sola área se encuentra el beneficio seco, la torrefacción, el envasado y almacén. Será trasladado al Cobertizo Agroindustrial (Área nueva) el beneficio seco, en donde ya se encuentra establecido el beneficio húmedo, en esta área se diseñó el acomodo de la línea de proceso del beneficio seco y húmedo, y de su maquinaria, así como el diseño de las instalaciones eléctricas y de fuerza. En el área que quedó desocupada por el beneficio seco se rediseño el área de torrefacción, almacén y venta del café.
520 3# - SUMARIO, ETC.
Sumario, etc. Due to is importance, coffee represents one the main. Agricultural products, with an important economic weight within the World commerce; bringing direct and indirect occupation to more than 20 million people; most dedicated to cultivation, transformation, processing and commercialization of the product around the world. <br/>In Mexico exists small and medium agro industries dedicated to the processing and transformation of nutritional products, whose facilities were not planed neither projected when the emerged, this implies a necessary redesign of these facilities. The present work was originated from a visit to the company “Nogueras S.P.R. of R.L.” situated in the State of Colima, Mexico. Alter observing that there is a real need to plan and professionally Project its growth, this work takes its relevance, specially regarding an adequate distribution of areas, machinery and equipment that will allow an efficient process and the optimization of the facilities. In a single area are concentrated all of the process; the drying, the toasting, the packaging and warehouse. The drying process will be transferred to the agro industrial shed, where already it is established the humidity area and its process; also the machinery will be located in this area as well as the design of the electrical systems. In the now unoccupied area that we left free, we will locate the toasting process, and also use it as warehouse and as sales counter.
650 13 - PUNTO DE ACCESO ADICIONAL DE MATERIA--TÉRMINO DE MATERIA
Término de materia o nombre geográfico como elemento de entrada Coffea arabica
Fuente del encabezamiento o término atg
650 13 - PUNTO DE ACCESO ADICIONAL DE MATERIA--TÉRMINO DE MATERIA
Término de materia o nombre geográfico como elemento de entrada Productos del café
Fuente del encabezamiento o término atg
650 13 - PUNTO DE ACCESO ADICIONAL DE MATERIA--TÉRMINO DE MATERIA
Término de materia o nombre geográfico como elemento de entrada Iniciativa empresarial
Fuente del encabezamiento o término atg
650 13 - PUNTO DE ACCESO ADICIONAL DE MATERIA--TÉRMINO DE MATERIA
Término de materia o nombre geográfico como elemento de entrada Desarrollo comunitario
Fuente del encabezamiento o término atg
650 13 - PUNTO DE ACCESO ADICIONAL DE MATERIA--TÉRMINO DE MATERIA
Término de materia o nombre geográfico como elemento de entrada Empresas pequeñas
Fuente del encabezamiento o término atg
650 13 - PUNTO DE ACCESO ADICIONAL DE MATERIA--TÉRMINO DE MATERIA
Término de materia o nombre geográfico como elemento de entrada Coffee products
Fuente del encabezamiento o término atg
650 13 - PUNTO DE ACCESO ADICIONAL DE MATERIA--TÉRMINO DE MATERIA
Término de materia o nombre geográfico como elemento de entrada Entrepreneurship
Fuente del encabezamiento o término atg
650 13 - PUNTO DE ACCESO ADICIONAL DE MATERIA--TÉRMINO DE MATERIA
Término de materia o nombre geográfico como elemento de entrada Community development
Fuente del encabezamiento o término atg
650 13 - PUNTO DE ACCESO ADICIONAL DE MATERIA--TÉRMINO DE MATERIA
Término de materia o nombre geográfico como elemento de entrada Small businesses
Fuente del encabezamiento o término atg
700 1# - PUNTO DE ACCESO ADICIONAL--NOMBRE DE PERSONA
Nombre de persona Velasco Hernández, Fildelia
Término indicativo de función/relación autor
700 1# - PUNTO DE ACCESO ADICIONAL--NOMBRE DE PERSONA
Nombre de persona Szymanski Duque, Rosa Guadalupe
Término indicativo de función/relación director
700 1# - PUNTO DE ACCESO ADICIONAL--NOMBRE DE PERSONA
Nombre de persona Bañuelos Gudiño, Mario Marco Vinicio
Término indicativo de función/relación asesor
700 1# - PUNTO DE ACCESO ADICIONAL--NOMBRE DE PERSONA
Nombre de persona Covarrubias Gutiérrez, Ignacio
Término indicativo de función/relación asesor
856 41 - LOCALIZACIÓN Y ACCESO ELECTRÓNICOS
Identificador Uniforme del Recurso <a href="http://10.13.5.2/tesis/108674.pdf">http://10.13.5.2/tesis/108674.pdf</a>
Texto de enlace DESCARGAR PDF
901 ## - ELEMENTOS DE DATOS A LOCAL LDA (RLIN)
a TESIS M374 2009
942 ## - ELEMENTOS DE PUNTO DE ACCESO ADICIONAL (KOHA)
Tipo de ítem Koha TESIS
Fuente del sistema de clasificación o colocación Clasificación Universidad Autónoma Chapingo
902 ## - ELEMENTOS DE DATOS B LOCAL, LDB (RLIN)
a M
905 ## - ELEMENTOS DE DATOS E LOCAL, LDE (RLIN)
a 5232272009 mx ame 8222223322spa16
Holdings
Estado de retiro Estado de pérdida Fuente del sistema de clasificación o colocación Estado dañado Restricciones de uso No para préstamo Código de colección Localización permanente Ubicación/localización actual Fecha de adquisición Fuente de adquisición Total de préstamos Signatura topográfica completa Código de barras Fecha visto por última vez Fecha del último préstamo Número de copia Precio válido a partir de Tipo de ítem Koha Ubicación en estantería
    Clasificación Universidad Autónoma de Chapingo   Préstamo 5 días   Tesis Ingenieria Agroindustrial Ingenieria Agroindustrial 18/01/2022 El autor 1 Tesis M374 2009 1101007337 02/02/2026 21/11/2024 Ej.2 18/01/2022 Tesis  
    Clasificación Universidad Autónoma de Chapingo   Préstamo interno   Tesis Ingenieria Agroindustrial Ingenieria Agroindustrial 18/01/2022 El autor   Tesis M374 2009 1101007336 02/02/2026   Ej.1 18/01/2022 Tesis  
    Clasificación Universidad Autónoma de Chapingo       Tesis digitales de Licenciatura Ingenieria Agroindustrial Ingenieria Agroindustrial 18/01/2022 El autor     1201007336 12/11/2024     18/01/2022 Tesis digital En línea